000 00819nam a2200229 i 4500
001 26068
003 ES-MaACL
005 20260115063026.0
007 t|
008 030107s1967 sp ||||1| spa d
100 1 _aArespacochaga y Felipe, Juan de,
_d1920-1999
_922639
245 1 0 _aTurismo y desarrollo /
_cpor Juan de Arespacochaga y Felipe.
260 _aMadrid :
_bServicio Informativo Español,
_c1967.
300 _a63 p., 8 lám., 10 gráf. ;
_c21 cm.
490 1 _aDocumentos económicos ;
_v2
650 0 4 _aTurismo-
_zEspaña.
_917668
710 1 _aEspaña.
_bMinisterio de Información y Turismo.
_bServicio Informativo Español.
_93888
830 0 _aDocumentos económicos ;
_v2
_9182906
852 _aES-MaACL
_jC-48324
_bR.64634
852 _aES-MaACL
_jC-33065
999 _c26068
_d26068